00365nam a2200157Ia 4500008004100000082002100041100001500062245002100077250000600098260002400104300000700128600001500135630002100150700001500171730002100186151018s9999 xx 000 0 und d bRBASDV29782a823 aBima Basu aThe story of man b1 bNational Bookc1998 a84 aBima Basu aThe story of man aBima Basu aThe story of man